000 00319nam a22001457a 4500
008 221014b ||||| |||| 00| 0 eng d
020 _a9781454807100
041 _aeng
080 _2EIGHTH EDITION
_a34
082 _a34
100 _a33
101 _aJURE
245 _aCIVIL PROCEDURE
_cYEAZELL S
942 _2udc
_cBK
999 _c58577
_d58577